| 000 | 00732nam a2200241 a 4500 | ||
|---|---|---|---|
| 001 | BRL_881 | ||
| 005 | 20190320210934.0 | ||
| 008 | 231013s1946----mx-a######---#000-0#spa-# | ||
| 041 | _aspa | ||
| 044 | _amx | ||
| 050 | 4 |
_aNA753 _b.P35 1946 |
|
| 245 | 1 | 0 | _aPalacios Coloniales de México D.F. = Colonial Palaces in Mexico D.F. |
| 260 |
_aMéxico _bEditorial Centauro _c1946 |
||
| 300 |
_a79 p. _bil. _c17 cm. |
||
| 440 | 0 |
_aMéxico, su arte y sus bellezas _v2 _925229 |
|
| 500 | _aAu1067 | ||
| 500 | _aTexto en: español e inglés | ||
| 650 | 1 | 4 |
_aMonumentos _zCiudad de México _915222 |
| 650 | 1 | 4 |
_aArquitectura colonial _zCiudad de México _915223 |
| 740 | 0 | _aColonial Palaces in Mexico D.F. | |
| 902 | _aGRL | ||
| 942 |
_2lcc _cB |
||
| 999 |
_c9693 _d9693 |
||